000 02123cam a2200505 i 4500
001 1858
005 20231005103047.0
020 _a9780545708296 (pbk.)
020 _a054570829X (pbk.)
020 _a9781480672529 (Paw Prints)
020 _a1480672521 (Paw Prints)
040 _aBTCTA
_beng
_cBTCTA
_erda
_dGK5
_dHBP
_dCGP
_dJQJ
_dJTH
_dIUK
_dUPZ
_dOCLCF
_dDAD
_dEHH
_dOCL
_dOCLCO
_dYDXCP
_dBDX
_dDLC
_dFISKH
050 0 0 _aPZ7.M507
_bKay 2015
082 0 4 _a[Fic]
_223
100 1 _aMeadows, Daisy,
_eauthor.
245 1 0 _aKayla the pottery fairy /
_cby Daisy Meadows.
260 _aLondon :
_bOrchard,
_c2014
300 _a65 pages :
_billustrations, map ;
_c20 cm.
490 1 _aRainbow magic. The magical crafts fairies ;
_v1
500 _aContains a special sneak peek of the next Rainbow magic adventures.
505 _aM
520 _a"Now that Kayla the Pottery Fairy's vase is missing, ceramic projects are in trouble! Can Rachel and Kirsty put a stop to Jack Frost's antics before he ruins everything?"--Page [4] of cover.
521 2 _a800
_bLexile
521 2 _aM
_bRaz-Plus
521 2 _aAppeals to 2nd-3rd graders.
521 0 _aReading level grade 4.
650 0 _aTate, Kirsty (Fictitious character)
_vJuvenile fiction.
650 0 _aWalker, Rachel (Fictitious character)
_vJuvenile fiction.
650 0 _aFairies
_vJuvenile fiction.
650 0 _aMagic
_vJuvenile fiction.
650 0 _aPottery
_vJuvenile fiction.
650 1 _aTate, Kirsty (Fictitious character)
_vFiction.
650 1 _aWalker, Rachel (Fictitious character)
_vFiction.
650 1 _aFairies
_vFiction.
650 1 _aTwins
_vFiction.
650 7 _aFairies.
_2fast
_0(OCoLC)fst00919878
650 7 _aMagic.
_2fast
_0(OCoLC)fst01005468
650 7 _aPottery.
_2fast
_0(OCoLC)fst01073579
650 7 _aTate, Kirsty (Fictitious character)
_2fast
_0(OCoLC)fst01748294
650 7 _aWalker, Rachel (Fictitious character)
_2fast
_0(OCoLC)fst01748295
655 7 _aFiction.
_2fast
_0(OCoLC)fst01423787
655 7 _aJuvenile works.
_2fast
_0(OCoLC)fst01411637
906 _a7
_bcbc
_ccopycat
_d2
_encip
_f20
_gy-gencatlg
942 _2ddc
_cBK
_n0
999 _c1858
_d1858